Connecting Geography - Statistics

General Stats
  • This quiz has been taken 45 times
  • The average score is 11 of 15
Answer Stats
Hint Answer % Correct
The Taliban took control of this country in 2021 Afghanistan
97%
Capital of Argentina Buenos Aires
97%
Largest country in Africa Algeria
94%
Shares the tallest mountain with its neighbor Nepal
92%
Only country Gambia borders Senegal
86%
Gained independence from South Africa in 1990 Namibia
83%
Defeated its rival Athens in the Peloponnesian War Sparta
83%
Its capital is Little Rock Arkansas
78%
Country in South America Argentina
72%
Member of ASEAN Laos
69%
Borders Kiliningrad Lithuania
67%
Russia's neighbor Azerbaijan
64%
US state that touches the Atlantic Ocean South Carolina
64%
Two countries united to form this country in 1990 Yemen
50%
Form of government where a few elite families rule Aristocracy
36%
No matching quizzes found
Score Distribution
Percent of People with Each Score
Percentile by Number Answered
Your Score History
You have not taken this quiz